Los niños en las paredes (Record no. 633)

MARC details
000 -CABECERA
campo de control de longitud fija 01161nam a22002894c 4500
003 - IDENTIFICADOR DE NUMERO DE CONTROL
campo de control AR-BaSMT
008 - CAMPOS DE LONGITUD FIJA
campo de control de longitud fija 250819t2014 aga|||br|||| 000 1 spa d
020 ## - ISBN: Indicadores indefinidos
Número ISBN 9789871603091
040 ## - FUENTE DE CATALOGACION
Agencia de catalogación original BSGB
Idioma de catalogación español
Agencia que realiza la transcripción BSGB
Convenciones de la descripción rda
041 0# - CODIGO DE IDIOMA
Código idioma spa
Idioma original español
080 ## - CDU
CDU completo 82-31
100 1# - PUNTO DE ACCESO PRINCIPAL
Nombre de persona Saracino, Luciano
Enlace autoridades 355
245 14 - MENCION DE TITULO
Título Los niños en las paredes
250 ## - MENCION DE EDICION
Mención de edición Primera edición
264 #1 - PRODUCCIÓN, PUBLICACIÓN, DISTRIBUCIÓN, ETC.
Lugar de publicación, etc. Buenos aires :
Nombre editor. Ridechail ,
Fecha 2014
300 ## - DESCRIPCION FISICA
Extensión 32 páginas ;
Otros detalles físicos ilustraciones color
336 ## - TIPO DE CONTENIDO
rdacontent rdacontent
texto texto
txt txt
337 ## - TIPO DE MEDIO
rdamedia rdamedia
sin mediación sin mediación
n n
338 ## - TIPO DE SOPORTE
rdacarrier rdacarrier
volumen volumen
nc nc
490 ## - TÍTULO DE LA SERIE
Título de la serie Historias entre tumbas
Número de serie II
520 ## - NOTA DE SUMARIO, RESUMEN, ETC.
Toda la nota Entre las tumbas del cementerio hay una que a Moritz le llama la atención de manera especial: sobre ella se encuentra una estatua de dos niños con una caja en las manos. Su abuelo Arcano conoce bien la historia: son los niños que viven en las paredes. Dice que es una de las historias más escalofriantes del cementerio.
521 ## - NOTA DE PÚBLICO DESTINATARIO
Nota de audiencia A partir de 12 años
650 #7 - PUNTO DE ACCESO ADICIONAL DE MATERIA – TÉRMINO TEMÁTICO
Enlace autoridades 8
Término de materia o nombre geográfico como elemento de entrada LITERATURA INFANTIL
700 1# - PUNTO DE ACCESO ADICIONAL – NOMBRE DE PERSONA
Apellido, Nombre Mazali, Gustavo,
Término relacionador: Ilustrador
Enlace autoridades 473
942 ## - ELEMENTOS AGREGADOS (KOHA)
CDU Clasificación Decimal Dewey
Tipo de ítem Libros
Holdings
Disponible Perdido Fuente de clasificación Estado Ubicación permanente Locación actual Estante o sala Fuente de adquisición Número de inventario Total préstamos Signatura topográfica Código de barras Numero de ejemplar Tipo de item de Koha Calificador de localización códificado
    Clasificación Decimal Dewey   Biblioteca Susana G. De Batemarco Biblioteca Susana G. De Batemarco Rojo Compra Feria del Libro 2026 000879   82-31 SAR 000879 1 Libros  

Powered by Koha